Automatizácia vybraných funkcií pre Smart House

Enregistré dans:
Détails bibliographiques
Auteur principal: Turas, Marek (Auteur)
Autres auteurs: Važan, Pavel (Directeur de thèse)
Format: Manuscrit Livre
Langue:slovaque
Publié: 2020
Sujets:
Accès en ligne:http://is.stuba.sk/zp/portal_zp.pl?podrobnosti=144200
Tags: Ajouter un tag
Pas de tags, Soyez le premier à ajouter un tag!

MARC

LEADER 00000ntm a22000003a 4500
001 stuzp71918
003 SK-STU
005 20200704210515.1
007 ta
008 150427s2015----xo-----f-mn---000-0-slo-d
040 |a STU  |b slo 
041 0 |a slo 
100 1 |a Turas, Marek  |u 066000  |k Z4  |4 aut  |U MTF Materiálovotechnologická fakulta  |T MTF Ústav aplikovanej informatiky, automatizácie a mechatroniky  |X 72953  |U M6000  |Y 86  |7 72953 
242 0 1 |a Automation of Chosen Functions for a Smart House  |y eng 
245 1 0 |a Automatizácia vybraných funkcií pre Smart House 
260 |c 2020 
650 4 |a Smart House  |2 slo 
650 4 |a Raspberry Pi  |2 slo 
650 4 |a Android  |2 slo 
650 4 |a Smart House  |2 eng 
650 4 |a Raspberry Pi  |2 eng 
650 4 |a Android  |2 eng 
700 1 |a Važan, Pavel  |u 066000  |k Z1  |4 ths  |U MTF Materiálovotechnologická fakulta  |T MTF Ústav aplikovanej informatiky, automatizácie a mechatroniky  |X 323  |U M6000  |Y 86  |7 A000000323 
856 4 |u http://is.stuba.sk/zp/portal_zp.pl?podrobnosti=144200 
996 |c M* DP-14450  |l MMSKP  |s P  |a 0  |w stuzp71918_0001